000 01039nam a2200349 c 4500
001 16174
003 ES-MaCES
005 20190513133724.0
008 040225s2004 gw d t i000 | eng d
020 _a9291814792
035 _aCES20040002798m
040 _aES-MaCES
_bspa
_cES-MaCES
245 0 4 _aThe monetary policy of the ECB, 2004
260 _aFráncfort del Meno
_bBCE
_c2004
300 _a126 p.
_bgráf. col.
_c26 cm
500 _aÍndices
504 _aBibliografía: p. 121-126
541 _cGratuito
650 4 _apolítica monetaria
_928101
650 4 _aBanco Central Europeo
_931305
650 4 _asistema monetario europeo
_930769
650 4 _aUEM
_930760
650 4 _a2004
_931739
653 1 0 _aFinanciación
650 4 _926752
_aUE
710 2 _aBanco Central Europeo
_eed.
_91583
740 4 2 _aThe monetary policy of the ECB
787 0 _tLa política monetaria del BCE, 2001
_w(ES-MaCES)13768
902 _aLIB Libro
942 _2CES
_cBK
_h0.0.
999 _c16174
_d16174